[Event "Navalmoral op 16th"]
[Site "Navalmoral"]
[Date "2010.12.04"]
[Round "1"]
[White "Le Roux, Jean Pierre"]
[Black "Serrano Fuentes, Martin"]
[Result "1-0"]
[WhiteElo "2520"]
[BlackElo "2012"]
[PlyCount "77"]
[EventDate "2010.12.04"]
[EventType "swiss"]
[EventRounds "9"]
[EventCountry "ESP"]
[SourceTitle "CBM 139 Extra"]
[Source "ChessBase"]
[SourceDate "2011.01.05"]
[SourceVersion "1"]
[SourceVersionDate "2011.01.05"]
[SourceQuality "1"]

1. e4 c5 2. Nf3 a6 3. c3 Nf6 4. e5 Nd5 5. d4 cxd4 6. Bc4 Nb6 7. Bb3 e6 8. cxd4 d5 9. 0-0 Be7 10. Nc3 0-0 11. Bc2 f5 12. exf6 Bxf6 13. Ne2 Nc6 14. Nf4 g6 15. g3 Qc7 16. Re1 Qf7 17. h4 Nxd4 18. Nxd4 e5 19. h5 exf4 20. hxg6 hxg6 21. Bxf4 g5 22. Nf5 Bxf5 23. Bxf5 Rae8 24. Qg4 Bd8 25. Be6 Rxe6 26. Rxe6 Qf5 27. Qxf5 Rxf5 28. Be3 Nc4 29. Re8+ Rf8 30. Rxf8+ Kxf8 31. Rd1 Bb6 32. Bxb6 Nxb6 33. Rc1 Ke7 34. Rc7+ Kd6 35. Rxb7 Kc6 36. Ra7 d4 37. Rxa6 g4 38. Kf1 Kb5 39. Rxb6+ 1-0

[Event "Extremadura-chT"]
[Site "Spain"]
[Date "2009.02.14"]
[Round "5.1"]
[White "Cabezas de Herrera A, Ramon"]
[Black "Serrano Fuentes, Martin"]
[Result "1/2-1/2"]
[WhiteElo "1832"]
[BlackElo "1984"]
[PlyCount "89"]
[EventDate "2009.01.17"]
[EventType "team-swiss"]
[EventRounds "9"]
[EventCountry "ESP"]
[SourceTitle "EXT 2011"]
[Source "ChessBase"]
[SourceDate "2010.11.26"]
[SourceVersion "1"]
[SourceVersionDate "2010.11.26"]
[SourceQuality "1"]
[WhiteTeam "Pardaleras"]
[BlackTeam "Ateneo Cacereno II"]
[WhiteTeamCountry "ESP"]
[BlackTeamCountry "ESP"]

1. d4 Nf6 2. c4 e6 3. a3 d5 4. Bg5 c6 5. e3 dxc4 6. Bxf6 Qxf6 7. Bxc4 Bd6 8. Nf3 0-0 9. Nc3 Qg6 10. 0-0 Nd7 11. Bd3 Qh6 12. Ne4 Bc7 13. Qc2 f5 14. Neg5 Bxh2+ 15. Nxh2 Qxg5 16. Nf3 Qf6 17. g3 e5 18. Nh4 Nb6 19. dxe5 Qxe5 20. Rad1 Be6 21. Nf3 Qf6 22. Nd4 Bd7 23. a4 Rad8 24. a5 Nd5 25. Qb3 Bc8 26. Bc4 Kh8 27. Ne2 g5 28. Bxd5 Rxd5 29. Rxd5 Be6 30. Qxb7 Bxd5 31. Qxa7 Qh6 32. f3 Qh5 33. Qe7 Rf7 34. Qe5+ Kg8 35. Nd4 g4 36. Qe8+ Kg7 37. Ne6+ Bxe6 38. Qxe6 Qh3 39. Qe5+ Kg8 40. fxg4 Qxg4 41. e4 f4 42. Qb8+ Kg7 43. Qb3 f3 44. Qc3+ Kg8 45. Qe5 1/2-1/2

[Event "Extremadura-chT"]
[Site "Spain"]
[Date "2009.01.17"]
[Round "1.1"]
[White "Serrano Fuentes, Martin"]
[Black "Ugalde Ortiz, Antonio"]
[Result "1-0"]
[WhiteElo "1984"]
[BlackElo "1916"]
[PlyCount "33"]
[EventDate "2009.01.17"]
[EventType "team-swiss"]
[EventRounds "9"]
[EventCountry "ESP"]
[SourceTitle "EXT 2011"]
[Source "ChessBase"]
[SourceDate "2010.11.26"]
[SourceVersion "1"]
[SourceVersionDate "2010.11.26"]
[SourceQuality "1"]
[WhiteTeam "Ateneo Cacereno II"]
[BlackTeam "Lasker"]
[WhiteTeamCountry "ESP"]
[BlackTeamCountry "ESP"]

1. e4 e5 2. Nf3 Nc6 3. Bc4 Bc5 4. 0-0 d6 5. c3 Bb6 6. a4 Nf6 7. d4 exd4 8. Nxd4 Ne5 9. a5 Nxc4 10. Qa4+ Bd7 11. Qxc4 Bxd4 12. cxd4 h6 13. e5 Be6 14. Qb5+ Qd7 15. Qxb7 Bd5 16. Qb4 Qg4 17. f3 1-0

[Event "Extremadura-chT"]
[Site "Spain"]
[Date "2007.02.03"]
[Round "3.1"]
[White "Serrano Fuentes, Martin"]
[Black "Ruiz Adrian, Manuel"]
[Result "0-1"]
[WhiteElo "2053"]
[BlackElo "2087"]
[PlyCount "86"]
[EventDate "2007.01.20"]
[EventType "team-swiss"]
[EventRounds "7"]
[EventCountry "ESP"]
[SourceTitle "EXT 2011"]
[Source "ChessBase"]
[SourceDate "2010.11.26"]
[SourceVersion "1"]
[SourceVersionDate "2010.11.26"]
[SourceQuality "1"]
[WhiteTeam "Ateneo Cacereno III"]
[BlackTeam "Santa Isabel"]
[WhiteTeamCountry "ESP"]
[BlackTeamCountry "ESP"]

1. e4 e5 2. Nf3 Nc6 3. Bc4 Be7 4. d4 d6 5. d5 Nb8 6. 0-0 Nf6 7. Bd3 0-0 8. c4 c5 9. Re1 Na6 10. a3 Bd7 11. Nbd2 Nc7 12. b4 b6 13. Nf1 Nce8 14. Ng3 g6 15. h3 Ng7 16. Bh6 Kh8 17. Rb1 Rb8 18. Qd2 Qc7 19. Ng5 Ng8 20. Nf3 Nf6 21. bxc5 Qxc5 22. Rec1 Qc7 23. Nh2 Ng8 24. Be3 f6 25. f4 exf4 26. Bxf4 Rf7 27. Qb4 Re8 28. Be3 f5 29. exf5 Nxf5 30. Nxf5 Bxf5 31. Bxf5 Rxf5 32. Ng4 h5 33. Qc3+ Kh7 34. Nh2 Bf6 35. Qd3 Qg7 36. Nf3 Rxf3 37. gxf3 Rxe3 38. Qf1 Rxa3 39. Rc2 Bd4+ 40. Kg2 Qf6 41. f4 Nh6 42. Re1 Qf5 43. Re7+ Kg8 0-1

[Event "Extremadura-chT"]
[Site "Spain"]
[Date "2007.01.27"]
[Round "2.1"]
[White "Andrada Andrada, Luis Javier"]
[Black "Serrano Fuentes, Martin"]
[Result "1-0"]
[WhiteElo "2262"]
[BlackElo "2053"]
[PlyCount "61"]
[EventDate "2007.01.20"]
[EventType "team-swiss"]
[EventRounds "7"]
[EventCountry "ESP"]
[SourceTitle "EXT 2011"]
[Source "ChessBase"]
[SourceDate "2010.11.26"]
[SourceVersion "1"]
[SourceVersionDate "2010.11.26"]
[SourceQuality "1"]
[WhiteTeam "Circulo Pacense"]
[BlackTeam "Ateneo Cacereno III"]
[WhiteTeamCountry "ESP"]
[BlackTeamCountry "ESP"]

1. c4 Nf6 2. Nc3 e5 3. g3 Be7 4. Bg2 0-0 5. d3 c6 6. e4 Na6 7. Nf3 d6 8. 0-0 Nc7 9. d4 Ng4 10. h3 exd4 11. Nxd4 Ne5 12. b3 Ne6 13. Be3 Nxd4 14. Bxd4 Bf6 15. f4 Ng6 16. Qd2 Re8 17. Rad1 Bxd4+ 18. Qxd4 Qa5 19. g4 h5 20. f5 Nh4 21. gxh5 Nxg2 22. Kxg2 c5 23. Qe3 d5 24. Nxd5 f6 25. Qg3 Kh8 26. Rf4 Qxa2+ 27. Kh1 Bxf5 28. exf5 g5 29. fxg6 Qe2 30. g7+ Kg8 31. Nxf6+ 1-0